00239pam a2200109 a 4500020000500000041000800005082000800013100002200021245004600043260003000089300001000119 c aeng bMIL aMills, Geoffrey . aOffice Administration hTextual Documents alondon:bE.L.B.S.,c1980. a235p.